[Event "IECC Swiss-517.4"]
[Site "IECC email"]
[Date "2008.07.14"]
[Round "?"]
[White "Lambrecht, Carlos Roberto"]
[Black "Coyne, David W"]
[Result "1/2-1/2"]
[WhiteElo "1352"]
[BlackElo "1984"]
[PlyCount "88"]
[EventDate "2008.??.??"]
[EventType "tourn (corr)"]
[EventRounds "1"]
[SourceTitle "Corr 2011"]
[Source "ChessBase"]
[SourceDate "2010.08.31"]
[SourceVersion "1"]
[SourceVersionDate "2010.08.31"]
[SourceQuality "1"]
[WhiteTeam "Argentina"]
[BlackTeam "England"]
[WhiteTeamCountry "ARG"]
[BlackTeamCountry "ENG"]

1. e4 e5 2. Nf3 Nf6 3. Nxe5 d6 4. Nf3 Nxe4 5. d4 d5 6. Bd3 Nc6 7. 0-0 Be7 8. c4 Nb4 9. Be2 0-0 10. Nc3 Be6 11. Be3 Bf5 12. Rc1 dxc4 13. Bxc4 c6 14. Ne5 Nxc3 15. bxc3 Nd5 16. Qf3 Be6 17. Bd2 f6 18. Nd3 Re8 19. Rfe1 Ba3 20. Rb1 Qd7 21. Bb3 a5 22. c4 Nc7 23. Bc2 Bd6 24. Nf4 Bf5 25. Rxe8+ Rxe8 26. Bxf5 Qxf5 27. Nd3 Qxf3 28. gxf3 b5 29. c5 Bf8 30. Bxa5 Nd5 31. a3 Kf7 32. Re1 Ra8 33. Bb4 g6 34. Rd1 Bg7 35. Ne1 f5 36. Nc2 Ke6 37. Kf1 Ra4 38. Ke1 Bf6 39. Kf1 Bh8 40. Ke1 Bg7 41. Kd2 Bf6 42. Kd3 Kd7 43. Bd2 Nc7 44. Be3 Bh4 1/2-1/2

[Event "IECG CF.2007.0.00086 email"]
[Site "IECG email"]
[Date "2007.01.18"]
[Round "?"]
[White "Geddes, Bruce"]
[Black "Lambrecht, Carlos Roberto"]
[Result "0-1"]
[WhiteElo "1000"]
[BlackElo "1024"]
[PlyCount "72"]
[EventDate "2007.01.18"]
[EventType "tourn (corr)"]
[EventRounds "6"]
[SourceTitle "Corr 2011"]
[Source "ChessBase"]
[SourceDate "2010.08.31"]
[SourceVersion "1"]
[SourceVersionDate "2010.08.31"]
[SourceQuality "1"]

1. e4 b6 2. d4 Bb7 3. Nc3 e6 4. Nf3 Bb4 5. Bd3 Nf6 6. Bg5 h6 7. Bxf6 Qxf6 8. 0-0 Bxc3 9. bxc3 d6 10. Re1 0-0 11. Qd2 Rd8 12. Re3 Nd7 13. Rae1 c5 14. Qe2 Rac8 15. e5 dxe5 16. dxe5 Qf4 17. Be4 Bxe4 18. Rxe4 Qf5 19. Nh4 Qg5 20. g3 Nf8 21. f4 Qe7 22. f5 Nh7 23. f6 gxf6 24. Nf3 Ng5 25. Rh4 Kg7 26. exf6+ Qxf6 27. Ne5 Rd5 28. Kg2 Rcd8 29. Rf4 Qe7 30. Qg4 f5 31. Qh5 Qf6 32. Ng4 Rd2+ 33. Kf1 Qg6 34. Qxg6+ Kxg6 35. Ne5+ Kg7 36. Re2 Ne4 0-1

[Event "IECC CL7-2006.17 email"]
[Site "IECC email"]
[Date "2006.11.26"]
[Round "?"]
[White "Lambrecht, Carlos Roberto"]
[Black "Renze, John"]
[Result "1-0"]
[WhiteElo "1313"]
[BlackElo "1134"]
[PlyCount "61"]
[EventDate "2006.??.??"]
[EventType "tourn (corr)"]
[EventRounds "4"]
[SourceTitle "Corr 2008"]
[Source "ChessBase"]
[SourceDate "2008.06.24"]
[SourceVersion "1"]
[SourceVersionDate "2008.06.24"]
[SourceQuality "1"]

1. c4 e6 2. d4 d5 3. Nc3 c5 4. cxd5 exd5 5. Nf3 Nc6 6. dxc5 d4 7. Na4 Nf6 8. e3 Bg4 9. Be2 dxe3 10. Bxe3 Be7 11. Nc3 0-0 12. 0-0 Qc7 13. Nb5 Qc8 14. Nd6 Bxd6 15. Qxd6 Rd8 16. Qf4 Qe6 17. Ng5 Qf5 18. Qxf5 Bxf5 19. Rfd1 h6 20. Nf3 Nb4 21. Nd4 Bg6 22. a3 Nc2 23. Nxc2 Bxc2 24. Rxd8+ Rxd8 25. b4 Be4 26. f3 Bc6 27. b5 Be8 28. Kf2 Kf8 29. Bf4 Nd5 30. Rd1 Ke7 31. Bd6+ 1-0

[Event "IECC CL6-2006.16 email"]
[Site "IECC email"]
[Date "2006.10.31"]
[Round "?"]
[White "Alessandrini, Alfredo"]
[Black "Lambrecht, Carlos Roberto"]
[Result "0-1"]
[WhiteElo "1207"]
[BlackElo "1263"]
[PlyCount "42"]
[EventDate "2006.??.??"]
[EventType "tourn (corr)"]
[EventRounds "4"]
[SourceTitle "Corr 2008"]
[Source "ChessBase"]
[SourceDate "2008.06.24"]
[SourceVersion "1"]
[SourceVersionDate "2008.06.24"]
[SourceQuality "1"]

1. e4 e5 2. Nf3 Nc6 3. d4 exd4 4. Nxd4 Nf6 5. Nxc6 bxc6 6. Nc3 Bb4 7. Bg5 0-0 8. Qf3 d5 9. 0-0-0 Bg4 10. Bxf6 Bxf3 11. Bxd8 Bxd1 12. Bxc7 Rac8 13. Bg3 Bh5 14. Ba6 Rcd8 15. exd5 Bxc3 16. bxc3 Rxd5 17. Re1 Rd7 18. Bc4 Rfd8 19. Kb2 Kf8 20. Bh4 f6 21. f3 Rd2 0-1

[Event "IECG CF.2006.0.00084 email"]
[Site "IECG email"]
[Date "2006.10.15"]
[Round "?"]
[White "Lambrecht, Carlos Roberto"]
[Black "Alessandrini, Alfredo"]
[Result "1-0"]
[WhiteElo "1003"]
[BlackElo "1104"]
[PlyCount "21"]
[EventDate "2006.10.15"]
[EventType "tourn (corr)"]
[EventRounds "6"]
[SourceTitle "Corr 2024"]
[Source "ChessBase"]
[SourceDate "2023.10.19"]
[SourceVersion "1"]
[SourceVersionDate "2023.10.19"]
[SourceQuality "1"]

1. e4 d5 2. exd5 Qxd5 3. Nc3 Qa5 4. d4 Nf6 5. Nf3 Bg4 6. Bd2 c6 7. Be2 Bxf3 8. Bxf3 e6 9. d5 cxd5 10. Nxd5 Qd8 11. Nxf6+ 1-0

[Event "IECG CF.2006.0.00084 email"]
[Site "IECG email"]
[Date "2006.10.15"]
[Round "?"]
[White "Leon, Orestes"]
[Black "Lambrecht, Carlos Roberto"]
[Result "1/2-1/2"]
[WhiteElo "1010"]
[BlackElo "1003"]
[PlyCount "93"]
[EventDate "2006.10.15"]
[EventType "tourn (corr)"]
[EventRounds "6"]
[SourceTitle "Corr 2011"]
[Source "ChessBase"]
[SourceDate "2010.08.31"]
[SourceVersion "1"]
[SourceVersionDate "2010.08.31"]
[SourceQuality "1"]

1. e4 e5 2. Nf3 Nc6 3. Bb5 a6 4. Bxc6 dxc6 5. 0-0 f6 6. Nc3 Bg4 7. h3 Bh5 8. d3 Bc5 9. Be3 Qd6 10. Bxc5 Qxc5 11. Qe2 Ne7 12. Qe3 Qxe3 13. fxe3 Rd8 14. g4 Bf7 15. g5 Rg8 16. Rf2 Be6 17. Kh2 b5 18. Raf1 Ng6 19. gxf6 gxf6 20. Ng1 Rf8 21. Rxf6 Rxf6 22. Rxf6 Ke7 23. Rf1 c5 24. Nce2 c6 25. Ng3 c4 26. Nf5+ Kd7 27. Nf3 cxd3 28. cxd3 Kc7 29. d4 Bxa2 30. Ra1 Be6 31. Rxa6 Kb7 32. Ra3 Rf8 33. dxe5 Bxf5 34. exf5 Rxf5 35. Kg3 Nxe5 36. e4 Rh5 37. Nxe5 Rxe5 38. Kf4 Rc5 39. e5 Rc2 40. e6 Kc7 41. Ke5 c5 42. b3 c4 43. bxc4 bxc4 44. Kf6 c3 45. e7 Rf2+ 46. Kg7 Kd7 47. Rxc3 1/2-1/2

[Event "IECC CL7-2006.13 email"]
[Site "IECC email"]
[Date "2006.08.20"]
[Round "?"]
[White "Lambrecht, Carlos Roberto"]
[Black "Buckle, Rodney"]
[Result "1-0"]
[WhiteElo "1277"]
[BlackElo "1138"]
[PlyCount "115"]
[EventDate "2006.??.??"]
[EventType "tourn (corr)"]
[EventRounds "4"]
[SourceTitle "Corr 2008"]
[Source "ChessBase"]
[SourceDate "2008.06.24"]
[SourceVersion "1"]
[SourceVersionDate "2008.06.24"]
[SourceQuality "1"]

1. e4 Nc6 2. Nf3 Nf6 3. Nc3 e5 4. Bb5 Bc5 5. Bc4 0-0 6. 0-0 d6 7. d3 Na5 8. Bb3 Nxb3 9. axb3 Bb4 10. Bg5 Bg4 11. Bxf6 gxf6 12. Nd5 Bc5 13. b4 c6 14. Ne3 Bxf3 15. Qxf3 Bxb4 16. c3 Bc5 17. Nf5 Kh8 18. d4 exd4 19. cxd4 Bb6 20. Qh5 Rg8 21. Nh6 Qe7 22. Nxf7+ Kg7 23. Nh6 Kh8 24. Nxg8 Rxg8 25. Qf3 Bxd4 26. Rfd1 Bc5 27. b4 Bxb4 28. Rxa7 Bc5 29. Ra4 Qe5 30. Rda1 Bd4 31. R1a2 b5 32. Ra8 Rxa8 33. Rxa8+ Kg7 34. Rd8 h5 35. Qh3 Qxe4 36. Qd7+ Kh6 37. Rh8+ Kg5 38. Qg7+ Qg6 39. h4+ Kf5 40. Qd7+ Ke5 41. Qxc6 Bc5 42. Qxb5 Qc2 43. Rxh5+ f5 44. Qe8+ Kd5 45. Qg8+ Ke5 46. Qg3+ Ke6 47. Rh6+ Kd5 48. Qf3+ Qe4 49. Qxe4+ fxe4 50. Rg6 Kd4 51. h5 Kd3 52. Kf1 d5 53. h6 Bd4 54. g4 e3 55. fxe3 Kxe3 56. h7 Kf3 57. Rg8 Be5 58. Ke1 1-0

[Event "IECC CL7-2006.11 email"]
[Site "IECC email"]
[Date "2006.07.02"]
[Round "?"]
[White "Lambrecht, Carlos Roberto"]
[Black "Odendahl, Marcel"]
[Result "1/2-1/2"]
[WhiteElo "1230"]
[BlackElo "1236"]
[PlyCount "106"]
[EventDate "2006.??.??"]
[EventType "tourn (corr)"]
[EventRounds "4"]
[SourceTitle "Corr 2008"]
[Source "ChessBase"]
[SourceDate "2008.06.24"]
[SourceVersion "1"]
[SourceVersionDate "2008.06.24"]
[SourceQuality "1"]

1. e4 c5 2. Nf3 d6 3. d4 cxd4 4. Nxd4 Nf6 5. Nc3 Nc6 6. Bg5 e6 7. Qd2 a6 8. 0-0-0 Qb6 9. Nb3 Be7 10. f3 0-0 11. g4 Rd8 12. Be3 Qc7 13. g5 Nd7 14. h4 b5 15. g6 fxg6 16. h5 gxh5 17. Rxh5 Rf8 18. Qh2 Nf6 19. Rh3 Rb8 20. Qg3 b4 21. Nb1 a5 22. N1d2 Bd8 23. f4 a4 24. Nd4 b3 25. axb3 axb3 26. N4xb3 Na5 27. Nxa5 Qxa5 28. Nb3 Rxb3 29. cxb3 Nxe4 30. Qg2 Nf6 31. Qc6 Be7 32. Bd3 e5 33. Rh4 e4 34. Bc4+ Kh8 35. Qa4 Qc7 36. Qa7 Bb7 37. Kb1 Ra8 38. Qd4 d5 39. Bb5 Rc8 40. Rc1 Qa5 41. Be2 Rxc1+ 42. Bxc1 Bc5 43. Qe5 Qd8 44. Bd2 Bf2 45. Rh2 Ba7 46. Bb4 Qb6 47. Be7 Qg1+ 48. Ka2 Bd4 49. Qb8+ Ng8 50. Rh5 Bxb2 51. Kxb2 Qd4+ 52. Kc2 Qf2 53. Kd1 Qd4+ 1/2-1/2

[Event "IECC CL8-2006.01 email"]
[Site "IECC email"]
[Date "2006.01.20"]
[Round "?"]
[White "Magee, Kerry"]
[Black "Lambrecht, Carlos Roberto"]
[Result "0-1"]
[WhiteElo "876"]
[BlackElo "1000"]
[PlyCount "42"]
[EventDate "2006.??.??"]
[EventType "tourn (corr)"]
[EventRounds "4"]
[SourceTitle "Corr 2008"]
[Source "ChessBase"]
[SourceDate "2008.06.24"]
[SourceVersion "1"]
[SourceVersionDate "2008.06.24"]
[SourceQuality "1"]

1. e4 e5 2. Nf3 Nc6 3. Bb5 a6 4. Bxc6 dxc6 5. 0-0 Qd6 6. d3 Ne7 7. Nc3 Bg4 8. Bg5 f6 9. Bh4 Ng6 10. Bg3 h5 11. Qd2 h4 12. Bxh4 Nxh4 13. Nxh4 Rxh4 14. g3 Rh8 15. Rfe1 Qe6 16. d4 0-0-0 17. b3 Bb4 18. d5 cxd5 19. exd5 Rxd5 20. Qxd5 Bxc3 21. Qxe6+ Bxe6 0-1

[Event "IECG TE.2005.P.01905"]
[Site "IECG email"]
[Date "2005.06.19"]
[Round "?"]
[White "Sever, Salih"]
[Black "Lambrecht, Carlos Roberto"]
[Result "1-0"]
[WhiteElo "2011"]
[BlackElo "915"]
[PlyCount "41"]
[EventDate "2005.06.19"]
[EventType "tourn (corr)"]
[EventRounds "8"]
[SourceTitle "Corr 2008"]
[Source "ChessBase"]
[SourceDate "2008.06.24"]
[SourceVersion "1"]
[SourceVersionDate "2008.06.24"]
[SourceQuality "1"]

1. d4 d5 2. e4 dxe4 3. Nc3 Nf6 4. f3 exf3 5. Nxf3 Bg4 6. Bb5+ c6 7. Bc4 e6 8. 0-0 Qb6 9. Rb1 Bd6 10. Be3 Nd5 11. Qe1 Bf5 12. Bd2 Bxc2 13. Rc1 Bf5 14. Bxd5 cxd5 15. Nxd5 Qd8 16. Bg5 f6 17. Nh4 0-0 18. Rxf5 exf5 19. Qe6+ Kh8 20. Ng6+ hxg6 21. Rc3 1-0

[Event "IECG CP.2004.P.00029 email"]
[Site "IECG email"]
[Date "2004.10.01"]
[Round "?"]
[White "Lambrecht, Carlos Roberto"]
[Black "Rey, Manny"]
[Result "0-1"]
[WhiteElo "916"]
[BlackElo "1979"]
[PlyCount "46"]
[EventDate "2004.10.01"]
[EventType "tourn (corr)"]
[EventRounds "6"]
[SourceTitle "Corr 2024"]
[Source "ChessBase"]
[SourceDate "2023.10.19"]
[SourceVersion "1"]
[SourceVersionDate "2023.10.19"]
[SourceQuality "1"]

1. e4 e6 2. d4 d5 3. Nd2 c5 4. Ngf3 Nf6 5. exd5 Nxd5 6. Nb3 cxd4 7. Nbxd4 Be7 8. Bd3 0-0 9. 0-0 Nd7 10. c3 Nc5 11. Bc4 Nb6 12. Be2 Bd7 13. Ne5 Ba4 14. b3 Nd5 15. bxa4 Nxc3 16. Qd2 Qxd4 17. Qxd4 Nxe2+ 18. Kh1 Nxd4 19. Be3 Rfd8 20. Rfd1 Nc2 21. Rac1 Nxe3 22. fxe3 f6 23. Nc4 Nd3 0-1

[Event "Sinergia 06 email"]
[Site "Argentina"]
[Date "2000.12.01"]
[Round "3"]
[White "Lopez Ballesteros, Tomas"]
[Black "Lambrecht, Carlos Roberto"]
[Result "0-1"]
[WhiteElo "1000"]
[BlackElo "1050"]
[PlyCount "52"]
[EventDate "2000.12.01"]
[EventType "tourn (corr)"]
[EventRounds "6"]
[EventCountry "ARG"]
[SourceTitle "Corr 2006"]
[Source "ChessBase"]
[SourceDate "2006.04.01"]
[SourceVersion "3"]
[SourceVersionDate "2006.04.01"]
[SourceQuality "1"]

1. e4 e5 2. Nf3 Nc6 3. Bb5 a6 4. Bxc6 dxc6 5. 0-0 Bg4 6. h3 h5 7. d4 Bxf3 8. Qxf3 exd4 9. Rd1 Qf6 10. Qxf6 Nxf6 11. Rxd4 c5 12. Rd3 Nxe4 13. Nd2 Nd6 14. Nf3 0-0-0 15. Be3 c4 16. Rd4 g6 17. Bf4 Bg7 18. Be5 Bxe5 19. Nxe5 Rhe8 20. Nxc4 Nxc4 21. Rxc4 Rd2 22. Rc1 Ree2 23. g3 Rxf2 24. a4 Rg2+ 25. Kf1 Rh2 26. h4 Rh1# 0-1

[Event "Sinergia 05 email"]
[Site "Argentina"]
[Date "2000.09.11"]
[Round "3"]
[White "Lambrecht, Carlos Roberto"]
[Black "Lehoczky, Ernesto"]
[Result "0-1"]
[WhiteElo "1054"]
[BlackElo "1000"]
[PlyCount "54"]
[EventDate "2000.09.11"]
[EventType "tourn (corr)"]
[EventRounds "6"]
[EventCountry "ARG"]
[SourceTitle "Corr 2006"]
[Source "ChessBase"]
[SourceDate "2006.04.01"]
[SourceVersion "3"]
[SourceVersionDate "2006.04.01"]
[SourceQuality "1"]

1. e4 e5 2. Nf3 Nc6 3. Bb5 a6 4. Ba4 Nf6 5. 0-0 Bc5 6. Nxe5 Nxe5 7. d4 b5 8. Bb3 Bxd4 9. Qxd4 d6 10. f4 Nc6 11. Qc3 Bb7 12. Bd5 Qd7 13. Re1 0-0 14. Bb3 Rae8 15. Nd2 Re7 16. a4 Rfe8 17. axb5 axb5 18. Qd3 Nb4 19. Qc3 c5 20. Ra7 Qc6 21. Re3 Nxe4 22. Nxe4 Rxe4 23. Rxe4 Qxe4 24. Rxb7 Qxb7 25. Be3 c4 26. Qxb4 Rxe3 27. Bxc4 Qa7 0-1

[Event "Sinergia 04 email"]
[Site "Argentina"]
[Date "2000.08.01"]
[Round "1"]
[White "Clarizza, Jorge Enrique"]
[Black "Lambrecht, Carlos Roberto"]
[Result "1/2-1/2"]
[WhiteElo "1000"]
[BlackElo "1027"]
[PlyCount "50"]
[EventDate "2000.08.01"]
[EventType "tourn (corr)"]
[EventRounds "6"]
[EventCountry "ARG"]
[SourceTitle "Corr 2006"]
[Source "ChessBase"]
[SourceDate "2006.04.01"]
[SourceVersion "3"]
[SourceVersionDate "2006.04.01"]
[SourceQuality "1"]

1. e4 e5 2. Nf3 Nc6 3. Bc4 Bc5 4. b4 Bxb4 5. c3 Bc5 6. d4 exd4 7. cxd4 Bb4+ 8. Bd2 Bxd2+ 9. Nbxd2 d6 10. Qb3 Qf6 11. 0-0 Nge7 12. d5 Ne5 13. Nxe5 dxe5 14. Rab1 0-0 15. Qf3 Qxf3 16. Nxf3 Ng6 17. Rfc1 Re8 18. Bf1 Re7 19. Rb3 c6 20. dxc6 bxc6 21. Rxc6 Be6 22. Bc4 Rd7 23. g3 Bxc4 24. Rxc4 f6 25. Kf1 Rad8 1/2-1/2

[Event "Sinergia 04 email"]
[Site "Argentina"]
[Date "2000.08.01"]
[Round "4"]
[White "Lambrecht, Carlos Roberto"]
[Black "Ramini, Edgardo Atilio"]
[Result "1-0"]
[WhiteElo "1027"]
[BlackElo "1000"]
[PlyCount "39"]
[EventDate "2000.08.01"]
[EventType "tourn (corr)"]
[EventRounds "6"]
[EventCountry "ARG"]
[SourceTitle "Corr 2006"]
[Source "ChessBase"]
[SourceDate "2006.04.01"]
[SourceVersion "3"]
[SourceVersionDate "2006.04.01"]
[SourceQuality "1"]

1. e4 c5 2. Nf3 d6 3. d4 cxd4 4. Nxd4 Nf6 5. Nc3 g6 6. Be3 Bg7 7. Bb5+ Nbd7 8. 0-0 0-0 9. Qd2 Ne5 10. Rad1 Qc7 11. Bg5 Bg4 12. Bxf6 Bxf6 13. Nd5 Qd8 14. f3 Bd7 15. Nxf6+ exf6 16. Bxd7 Qxd7 17. b3 g5 18. f4 gxf4 19. Rxf4 Qe7 20. Nf5 1-0

[Event "IECG C3.2000.0.00134"]
[Site "IECG email"]
[Date "2000.04.03"]
[Round "?"]
[White "Arquillos, Guillermo"]
[Black "Lambrecht, Carlos Roberto"]
[Result "1-0"]
[WhiteElo "1036"]
[BlackElo "847"]
[PlyCount "55"]
[EventDate "2000.04.03"]
[EventType "tourn (corr)"]
[EventRounds "6"]
[SourceTitle "Corr 2008"]
[Source "ChessBase"]
[SourceDate "2008.06.24"]
[SourceVersion "1"]
[SourceVersionDate "2008.06.24"]
[SourceQuality "1"]

1. e4 c6 2. d4 d5 3. Nc3 dxe4 4. Nxe4 Bf5 5. Ng3 Bg6 6. Nf3 Nf6 7. h4 h6 8. h5 Bh7 9. Bd3 Bxd3 10. Qxd3 e6 11. Qb3 Qb6 12. Qxb6 axb6 13. Bf4 Be7 14. 0-0 0-0 15. c3 Nd5 16. Bd2 Nd7 17. c4 N5f6 18. Ne5 Nxe5 19. dxe5 Ng4 20. Bc3 Rfd8 21. Ne4 Rd3 22. Rad1 Rxd1 23. Rxd1 Rxa2 24. Kf1 Kf8 25. Rd7 Nh2+ 26. Ke2 Ra7 27. Nd6 Ra8 28. Rxb7 1-0

[Event "IECG C3.2000.0.00134"]
[Site "IECG email"]
[Date "2000.04.03"]
[Round "?"]
[White "Juntunen, Juha"]
[Black "Lambrecht, Carlos Roberto"]
[Result "0-1"]
[WhiteElo "1111"]
[BlackElo "847"]
[PlyCount "138"]
[EventDate "2000.04.03"]
[EventType "tourn (corr)"]
[EventRounds "6"]
[SourceTitle "Corr 2008"]
[Source "ChessBase"]
[SourceDate "2008.06.24"]
[SourceVersion "1"]
[SourceVersionDate "2008.06.24"]
[SourceQuality "1"]

1. e4 e5 2. Nf3 Nc6 3. Bb5 a6 4. Ba4 Nf6 5. d3 b5 6. Bb3 Be7 7. 0-0 d6 8. Nc3 0-0 9. a4 b4 10. Nd5 Be6 11. Bd2 a5 12. Qe2 Qd7 13. h3 Nd4 14. Nxd4 exd4 15. Bg5 Rae8 16. Nxe7+ Qxe7 17. Qf3 Bxb3 18. cxb3 Qe5 19. Bxf6 gxf6 20. Rac1 c5 21. Qg3+ Kh8 22. f4 Qh5 23. f5 Re5 24. Qf3 Qg5 25. Rc2 Rg8 26. Kh2 Rg7 27. Qf4 Rg8 28. g3 Qxf4 29. Rxf4 Rge8 30. Kg2 Kg7 31. g4 Kf8 32. Kg3 Ke7 33. Kh4 Rg8 34. Kh5 Rg6 35. Rf1 Kf8 36. h4 Rg7 37. Rg1 h6 38. Rcg2 Rh7 39. Rh1 Re8 40. Rgh2 Ke7 41. g5 hxg5+ 42. Kg4 gxh4 43. Rxh4 Rg8+ 44. Kf3 Rhg7 45. R4h3 d5 46. exd5 Kd6 47. R1h2 Kxd5 48. Rf2 Rg1 49. Rfh2 R8g5 50. Kf2 Rb1 51. Kf3 Rxf5+ 52. Kg4 Ke6 53. Re2+ Re5 54. Rhh2 Rg1+ 55. Kf3 Rf1+ 56. Kg4 f5+ 57. Kh4 Re3 58. Rc2 Rg1 59. Rce2 f6 60. Reg2 Rxg2 61. Rxg2 Rxd3 62. Re2+ Re3 63. Rc2 Rxb3 64. Rxc5 d3 65. Rc1 Ke5 66. Rd1 Ke4 67. Kh5 Rxb2 68. Kg6 Re2 69. Kxf6 d2 0-1

[Event "IECG C3.2000.0.00134"]
[Site "IECG email"]
[Date "2000.04.03"]
[Round "?"]
[White "Lambrecht, Carlos Roberto"]
[Black "Gralke, Wolfgang"]
[Result "1/2-1/2"]
[WhiteElo "847"]
[BlackElo "1014"]
[PlyCount "44"]
[EventDate "2000.04.03"]
[EventType "tourn (corr)"]
[EventRounds "6"]
[SourceTitle "Corr 2008"]
[Source "ChessBase"]
[SourceDate "2008.06.24"]
[SourceVersion "1"]
[SourceVersionDate "2008.06.24"]
[SourceQuality "1"]

1. e4 e5 2. Nf3 Nf6 3. d4 Nxe4 4. Bd3 d5 5. Nxe5 Nd7 6. Nxd7 Bxd7 7. 0-0 Bd6 8. Nc3 Nxc3 9. bxc3 0-0 10. Qh5 f5 11. Re1 c6 12. Bg5 Qa5 13. Be7 Bxe7 14. Rxe7 Be8 15. Qg5 Bg6 16. c4 Qb4 17. cxd5 cxd5 18. Rae1 Qxd4 19. Rxb7 Rae8 20. Reb1 Re6 21. Qd2 f4 22. R7b4 Qe5 1/2-1/2

[Event "Francisco Bailen mem corr"]
[Site "UECC"]
[Date "2000.03.05"]
[Round "4.13"]
[White "Bandiera, Aurelio"]
[Black "Lambrecht, Carlos Roberto"]
[Result "1-0"]
[WhiteElo "1779"]
[BlackElo "1400"]
[PlyCount "51"]
[EventDate "2000.03.??"]
[EventType "team (corr)"]
[EventRounds "10"]
[SourceTitle "Corr 2008"]
[Source "ChessBase"]
[SourceDate "2008.06.24"]
[SourceVersion "1"]
[SourceVersionDate "2008.06.24"]
[SourceQuality "1"]

1. e4 e5 2. Nf3 Nc6 3. Bb5 a6 4. Ba4 Nf6 5. 0-0 Be7 6. Re1 b5 7. Bb3 0-0 8. a4 Bb7 9. d3 d6 10. Nc3 Na5 11. Ba2 b4 12. Ne2 c5 13. Bd2 Qd7 14. Ng3 Bc6 15. Nf5 Bd8 16. c3 bxc3 17. bxc3 Rb8 18. Bg5 h6 19. Bh4 Rb2 20. Qc1 Rb7 21. Rb1 Nh5 22. Rxb7 Nxb7 23. Bxd8 Rxd8 24. Nxh6+ Kf8 25. Qg5 gxh6 26. Qxh6+ 1-0